2026 Oscar Nominees - Statistics

General Stats
  • This quiz has been taken 304 times
  • The average score is 19 of 30
Answer Stats
# Movies % Correct
16 Sinners
98%
13 One Battle After Another
94%
9 Marty Supreme
92%
8 Hamnet
91%
9 Sentimental Value
88%
9 Frankenstein
87%
4 F1
85%
2 KPop: Demon Hunters
81%
4 Train Dreams
77%
4 Bugonia
76%
4 The Secret Agent
76%
2 Blue Moon
67%
1 Zootopia 2
67%
2 Avatar: Fire and Ash
63%
1 If I Had Legs I'd Kick You
63%
1 Elio
59%
1 Weapons
59%
2 It Was Just An Accident
55%
2 Sirât
55%
1 Song Sung Blue
55%
1 Arco
50%
1 The Voice of Hind Rajab
45%
1 Jurassic World Rebirth
42%
1 Little Amélie or the Character of Rain
39%
1 The Ugly Stepsister
39%
1 The Smashing Machine
38%
1 Diane Warren: Relentless
35%
1 The Lost Bus
30%
1 Kokuho
29%
1 Viva Verdi!
26%
No matching quizzes found
Score Distribution
Percent of People with Each Score
Percentile by Number Answered
Your Score History
You have not taken this quiz